00306nam a2200133Ia 4500008004100000020001500041041001200056082001100068100002000079245002300099260003500122300000800157650000700165221030s9999 xx 000 0 und d a8177588279 aEnglish a105.23 aJ. F. K. Buford 0aMultimedia Systems bPearson EdcuationaDelhic2009 a463 aIT